Normal view
MARC view
Entry Topical Term
001 - CONTROL NUMBER
- control field: 9369
003 - CONTROL NUMBER IDENTIFIER
- control field: BD-RjUL
005 - DATE AND TIME OF LATEST TRANSACTION
- control field: 20231004152056.0
008 - FIXED-LENGTH DATA ELEMENTS
- fixed length control field: 231004|| aca||aabn | a|a d
040 ## - CATALOGING SOURCE
- Original cataloging agency: BD-RjUL
- Transcribing agency: BD-RjUL
150 ## - HEADING--TOPICAL TERM
- Topical term or geographic name entry element: Chemistry, Physical and theoretical
- Form subdivision: Textbooks
670 ## - SOURCE DATA FOUND
- Source citation: Work cat.: (BD-RjUL)82049: Atkins, Peter 1940- author. 9368, Atkins' Physical chemistry /